| 000 -LEADER |
| fixed length control field |
01262nam a22001697a 4500 |
| 008 - FIXED-LENGTH DATA ELEMENTS--GENERAL INFORMATION |
| fixed length control field |
250527b xxu||||| |||| 00| 0 eng d |
| 082 ## - DEWEY DECIMAL CLASSIFICATION NUMBER |
| Classification number |
791.4372 |
| Item number |
T2923 2020 |
| 245 ## - TITLE STATEMENT |
| Title |
Tenet / written and directed by Christopher Nolan |
| 260 ## - PUBLICATION, DISTRIBUTION, ETC. (IMPRINT) |
| Place of publication, distribution, etc |
United Kingdom |
| Name of publisher, distributor, etc |
Faber & Faber |
| Date of publication, distribution, etc |
2020 |
| 300 ## - PHYSICAL DESCRIPTION |
| Extent |
videofile, 142 minutes |
| Other physical details |
sound, color |
| 520 ## - SUMMARY, ETC. |
| Summary, etc |
Armed with only the word "Tenet," and fighting for the survival of the entire world, CIA operative, The Protagonist, journeys through a twilight world of international espionage on a global mission that unfolds beyond real time. In a twilight world of international espionage, an unnamed CIA operative, known as The Protagonist, is recruited by a mysterious organization called Tenet to participate in a global assignment that unfolds beyond real time. The mission: prevent Andrei Sator, a renegade Russian oligarch with precognitive abilities, from starting World War III. The Protagonist will soon master the art of "time inversion" as a way of countering the threat that is to come |
| 521 ## - TARGET AUDIENCE NOTE |
| Target audience note |
PG-13 |
| 546 ## - LANGUAGE NOTE |
| Language note |
English; subtitles available in multiple languages |
| 650 ## - SUBJECT ADDED ENTRY--TOPICAL TERM |
| Topical term or geographic name as entry element |
Time travel, Action, Scifi, Thriller |
| 700 ## - ADDED ENTRY--PERSONAL NAME |
| Personal name |
John David Washington, Robert Pattinson, Elizabeth Debicki |
| 942 ## - ADDED ENTRY ELEMENTS (KOHA) |
| Source of classification or shelving scheme |
|
| Item type |
Audio-Visual Materials |